छात्रोपयोगी ज्ञान-विज्ञान प्रश्नोत्तरी / (Record no. 196128)

MARC details
000 -LEADER
fixed length control field 01209nam a22001937a 4500
005 - DATE AND TIME OF LATEST TRANSACTION
control field 20240903130007.0
010 ## - LCCN (DPL NO)
LC control number B-750954- 974 CHHN 25.5.23
020 ## - INTERNATIONAL STANDARD BOOK NUMBER
International Standard Book Number 9788195053070
Terms of availability 500.00
035 ## - SYSTEM CONTROL NUMBER
System control number B-750954- 974
037 ## - SOURCE OF ACQUISITION
Stock number मर्यादा पुस्तक सदन
082 ## - DEWEY DECIMAL CLASSIFICATION NUMBER
Classification number 500
100 ## - MAIN ENTRY--PERSONAL NAME
Personal name भाटिया, सुदर्शन
245 ## - TITLE STATEMENT
Title छात्रोपयोगी ज्ञान-विज्ञान प्रश्नोत्तरी /
Statement of responsibility, etc सुदर्शन भाटिया
260 ## - PUBLICATION, DISTRIBUTION, ETC. (IMPRINT)
Place of publication, distribution, etc दिल्ली
Name of publisher, distributor, etc मर्यादा पुस्तक सदन
Date of publication, distribution, etc 2022
270 ## - ADDRESS
Address 6/49, भू-तल गाली न.5 विश्वास नगर, शाहदरा
City दिल्ली
Postal code 110032
300 ## - PHYSICAL DESCRIPTION
Extent 160पृ.
Dimensions 22सेमी (सजिल्द)
942 ## - ADDED ENTRY ELEMENTS (KOHA)
Source of classification or shelving scheme Dewey Decimal Classification
Item type Children Books
Call number suffix भाटिया
Classification part 500
Holdings
Withdrawn status Lost status Not for loan Collection code Home library Current library Date acquired Source of acquisition Cost, normal purchase price Full call number Barcode Copy number Cost, replacement price Koha item type
      Non-fiction Ashok Vihar Ashok Vihar 20/07/2023 मर्यादा पुसतक सदन/1029/06.03.23/418/02.03.23/09.03.23 500.00 500 भाटिया B-750958 1 500.00 Children Books
      Non-fiction Bagh Kadhe Khan Bagh Kadhe Khan 20/07/2023 मर्यादा पुसतक सदन/1029/06.03.23/418/02.03.23/09.03.23 500.00 500 भाटिया B-750965 1 500.00 Children Books
      Non-fiction Bawana Bawana 20/07/2023 मर्यादा पुसतक सदन/1029/06.03.23/418/02.03.23/09.03.23 500.00 500 भाटिया B-750966 1 500.00 Children Books
      Non-fiction Central Jail Tihar Central Jail Tihar 20/07/2023 मर्यादा पुसतक सदन/1029/06.03.23/418/02.03.23/09.03.23 500.00 500 भाटिया B-750960 1 500.00 Children Books
      Non-fiction Central Library Central Library 20/07/2023 मर्यादा पुसतक सदन/1029/06.03.23/418/02.03.23/09.03.23 500.00 500 भाटिया B-750954 1 500.00 Children Books
      Non-fiction Janak Puri Janak Puri 20/07/2023 मर्यादा पुसतक सदन/1029/06.03.23/418/02.03.23/09.03.23 500.00 500 भाटिया B-750961 1 500.00 Children Books
      Non-fiction Kadipur Kadipur 20/07/2023 मर्यादा पुसतक सदन/1029/06.03.23/418/02.03.23/09.03.23 500.00 500 भाटिया B-750967 1 500.00 Children Books
      Non-fiction Mobile Library Mobile Library 20/07/2023 मर्यादा पुसतक सदन/1029/06.03.23/418/02.03.23/09.03.23 500.00 500 भाटिया B-750955 2 500.00 Children Books
      Non-fiction Mobile Library Mobile Library 20/07/2023 मर्यादा पुसतक सदन/1029/06.03.23/418/02.03.23/09.03.23 500.00 500 भाटिया B-750956 2 500.00 Children Books
      Non-fiction New Police Line New Police Line 20/07/2023 मर्यादा पुसतक सदन/1029/06.03.23/418/02.03.23/09.03.23 500.00 500 भाटिया B-750957 1 500.00 Children Books
      Non-fiction Patel Nagar Patel Nagar 20/07/2023 मर्यादा पुसतक सदन/1029/06.03.23/418/02.03.23/09.03.23 500.00 500 भाटिया B-750959 1 500.00 Children Books
      Non-fiction R.K.Puram-8 R.K.Puram-8 20/07/2023 मर्यादा पुसतक सदन/1029/06.03.23/418/02.03.23/09.03.23 500.00 500 भाटिया B-750963 1 500.00 Children Books
      Non-fiction RC3 Aruna Nagar RC3 Aruna Nagar 20/07/2023 मर्यादा पुसतक सदन/1029/06.03.23/418/02.03.23/09.03.23 500.00 500 भाटिया B-750970 3 500.00 Children Books
      Non-fiction RC3 Jwala Puri RC3 Jwala Puri 20/07/2023 मर्यादा पुसतक सदन/1029/06.03.23/418/02.03.23/09.03.23 500.00 500 भाटिया B-750971 3 500.00 Children Books
      Non-fiction RC3 Sangam Park RC3 Sangam Park 20/07/2023 मर्यादा पुसतक सदन/1029/06.03.23/418/02.03.23/09.03.23 500.00 500 भाटिया B-750972 3 500.00 Children Books
      Non-fiction RC4 Kalyan Puri RC4 Kalyan Puri 20/07/2023 मर्यादा पुसतक सदन/1029/06.03.23/418/02.03.23/09.03.23 500.00 500 भाटिया B-750973 2 500.00 Children Books
      Non-fiction RC4 Seelam Pur RC4 Seelam Pur 20/07/2023 मर्यादा पुसतक सदन/1029/06.03.23/418/02.03.23/09.03.23 500.00 500 भाटिया B-750974 2 500.00 Children Books
      Non-fiction Sarojini Nagar Sarojini Nagar 20/07/2023 मर्यादा पुसतक सदन/1029/06.03.23/418/02.03.23/09.03.23 500.00 500 भाटिया B-750962 1 500.00 Children Books
      Non-fiction Shahdara Branch Shahdara Branch 20/07/2023 मर्यादा पुसतक सदन/1029/06.03.23/418/02.03.23/09.03.23 500.00 500 भाटिया B-750968 1 500.00 Children Books
      Non-fiction Vigyan Vihar Vigyan Vihar 20/07/2023 मर्यादा पुसतक सदन/1029/06.03.23/418/02.03.23/09.03.23 500.00 500 भाटिया B-750969 1 500.00 Children Books
      Non-fiction Vinoba Puri Vinoba Puri 20/07/2023 मर्यादा पुसतक सदन/1029/06.03.23/418/02.03.23/09.03.23 500.00 500 भाटिया B-750964 1 500.00 Children Books

© Delhi Public Library
Hit Counter
free hit counter